000 01066cab a22002175a 4500
001 L159966
008 150113e2016 xxk 000 0 eng d
035 _a(Sirsi) u159966
041 0 _aeng
050 _a344.410465 $2 18
100 1 _aBussey, Paul
245 0 0 _aBy design not accident
_h[electronic resource]
260 _aLondon
_bRICS
_c2016
490 _aRICS Building Surveying Journal
_vDecember 2016 - January 2017, 20-21(2)
520 _aExplains the rationale for doing CDM Differently, an initiative intended to be a common-sense, intuitive and collaborative process to integrate CDM into architectural projects, and encourages the lead, active designer to incorporate the significant, project-specific health and safety and CDM issues into the creative design concept right from the start.
650 2 4 _aCDM 2015
650 2 4 _aCDM DIFFERENTY
690 _aHealth and safety
_96244
856 4 0 _uhttps://www.rics.org/Global/Building_Surveying_Journal_December_2016_January_2017.pdf
_zView the article free of charge at www.rics.org...
942 _n0
999 _c85087
_d85087